00687nam a22001937a 450000500170000001000150001702000260003203500140005803700090007208200110008110000230009224500470011526000400016227000720020230000220027494200250029699900190032195201530034020250113170234.0 aENG-143337 a9788182473607c695.00 aEN-126869 bDBAD a372.21 aSharma, G.D976505 aWomen and Child Education/ cby G.D Sharma aPanchkulabDelhi Book Bureau c2012 aSCO 43, Ist Floor, Swastick Vihar, MDC Complex, bPanchkulae134113 a223p. c22cm(Hb)  2ddccENh372.21mSHA c208451d208451 001040708NFICaLbLd2025-02-20eDelivery of Books Act Divisiong695.00l0o372.21 SHApEN-126869r2025-02-20 00:00:00t1v695.00w2025-02-20yEN